Legislation of tort liability law in China
Tallennettuna:
| Päätekijä: | |
|---|---|
| Aineistotyyppi: | Kirja |
| Kieli: | englanti |
| Julkaistu: |
Singapur
Springer
2018
|
| Painos: | 1a. ed |
| Aiheet: | |
| Tagit: |
Lisää tagi
Ei tageja, Lisää ensimmäinen tagi!
|
MARC
| LEADER | 00000cam a2200000 a 4500 | ||
|---|---|---|---|
| 001 | UCC6437 | ||
| 003 | CL-VaPUC | ||
| 008 | 181207e20180000si |||||||||||||||||eng|d | ||
| 020 | |a 9789811069604 | ||
| 082 | 0 | 4 | |a 342.5196 |b ZHA |2 21 |
| 100 | 0 | |a Zhang, Xinbao |e author |9 600896 | |
| 245 | 1 | 0 | |a Legislation of tort liability law in China |
| 250 | |a 1a. ed | ||
| 300 | |a 538 p | ||
| 942 | |c BK | ||
| 945 | |d 20181207 13:37:00 |a dcastane | ||
| 260 | |a Singapur |b Springer |c 2018 | ||
| 650 | 0 | |a Recurso de protección |9 255487 | |
| 650 | 0 | |a Agravios |9 402645 | |
| 583 | |a last modification |c 20181207 13:37:00 |k Rodrigo Vera | ||
| 999 | |c 373385 |d 373383 | ||
| 952 | |0 0 |1 0 |3 erd |4 0 |6 342_519600000000000_ZHA_2018 |7 0 |8 A |9 491486 |a BIBDER |b BIBDER |i 5522048 |o 342.5196 ZHA 2018 |p 5522048 |r 2023-01-25 |w 2019-11-24 |y BK |z Catalogado en:20181207 |k DER | ||